Инновационная магистерская программа "Геолого-геофизические проблемы освоения месторождений нефти и газа" как новая ступень подготовки геологов-нефтяников в ТПУ; Международный научно-практический форум Минерально-сырьевая база Сибири: история становления и перспективы, посвященный 100-летию первого выпуска горных инженеров в Сибири и 90-летию Сибгеолкома; Т. 1: Полезные ископаемые

Manylion Llyfryddiaeth
Parent link:Международный научно-практический форум Минерально-сырьевая база Сибири: история становления и перспективы, посвященный 100-летию первого выпуска горных инженеров в Сибири и 90-летию Сибгеолкома: материалы научно-практической конференции/ Томская область, Администрация ; Томский политехнический университет (ТПУ).— , 2008
Т. 1: Полезные ископаемые.— 2008.— С. 65-69
Prif Awdur: Дмитриев А. Ю. Андрей Юрьевич
Awduron Eraill: Меркулов В. П. Виталий Павлович
Crynodeb:В 2003 г. Центр профессиональной подготовки специалистов нефтегазового дела ТПУ приступил к реализации учебного проекта подготовки специалистов по курсу "Геология нефти и газа" (MSc Reservoir Evaluation and Management).
Iaith:Rwseg
Cyhoeddwyd: 2008
Pynciau:
Fformat: Pennod Llyfr
KOHA link:https://koha.lib.tpu.ru/cgi-bin/koha/opac-detail.pl?biblionumber=166423

MARC

LEADER 00000naa2a2200000 4500
001 166423
005 20231031162236.0
035 |a (RuTPU)RU\TPU\book\180518 
090 |a 166423 
100 |a 20091001d2008 k y0rusy50 ca 
101 0 |a rus 
102 |a RU 
200 1 |a Инновационная магистерская программа "Геолого-геофизические проблемы освоения месторождений нефти и газа" как новая ступень подготовки геологов-нефтяников в ТПУ  |f А. Ю. Дмитриев, В. П. Меркулов 
320 |a Библиогр.: 3 назв. 
330 |a В 2003 г. Центр профессиональной подготовки специалистов нефтегазового дела ТПУ приступил к реализации учебного проекта подготовки специалистов по курсу "Геология нефти и газа" (MSc Reservoir Evaluation and Management). 
461 1 |0 (RuTPU)RU\TPU\book\173832  |t Международный научно-практический форум Минерально-сырьевая база Сибири: история становления и перспективы, посвященный 100-летию первого выпуска горных инженеров в Сибири и 90-летию Сибгеолкома  |o материалы научно-практической конференции  |f Томская область, Администрация ; Томский политехнический университет (ТПУ)  |d 2008 
463 1 |0 (RuTPU)RU\TPU\book\173621  |y 98298-383-7  |t Т. 1: Полезные ископаемые  |v С. 65-69  |d 2008  |p 623 с. 
610 1 |a нефтедобывающая промышленность 
610 1 |a подготовка кадров 
610 1 |a образовательные программы 
610 1 |a учебные программы 
610 1 |a переподготовка 
610 1 |a Центр профессиональной переподготовки 
610 1 |a магистерские программы 
610 1 |a компьютерные технологии 
610 1 |a инновационные программы 
610 1 |a магистры 
610 1 |a труды учёных ТПУ 
700 1 |a Дмитриев  |b А. Ю.  |c специалист в области нефтегазового дела  |c доцент, проректор-директор Томского политехнического университета, кандидат технических наук  |f 1972-  |g Андрей Юрьевич  |2 stltpush  |3 (RuTPU)RU\TPU\pers\24766 
701 1 |a Меркулов  |b В. П.  |c российский геолог  |c доцент Томского политехнического университета  |c выпускник ТПИ 1976  |f 1953-  |g Виталий Павлович  |2 stltpush  |3 (RuTPU)RU\TPU\pers\18581 
801 1 |a RU  |b 63413507  |c 20091001 
801 2 |a RU  |b 63413507  |c 20131121  |g RCR 
942 |c BK